000 00588nam a2200229Ia 4500
003 OSt
005 20220926043946.0
006 a|||||r|||| 00| 0
007 ta
008 220923b |||||||| |||| 00| 0 eng d
037 _cGeneral Book
040 _aRTL
_cRTL
_beng
041 _2eng
_aeng
082 _aY748:1.N0, J6
100 _aLevin M G
245 0 _aPeoples of Siberia
260 _c1956
650 _aPakistan Society
700 _a Potapov L P Ed.
_9348398
942 _hY748:1.N0, J6
_cGB
_2CC
999 _c673644
_d673644